Datum a čas kvízu
25.5
Celkem bodů
Celkový počet nahraných bodů na tomto kvízu bez doplňovacích otázek.
6.
Pořadí na kvízu
Konečné umístění týmu na tomto kvízu.
Zaznamenané odpovědi
| # | Otázka | Odpověď | Body | Výsledky |
|---|---|---|---|---|
| 1. | V neděli proběhly v pražské zo... | D) luskoun | 0 | |
| 2. | Minulý týden jsme se dozvěděli... | Kousl ji kůň. | 1 | |
| 3. | Firma Mattel uvedla minulý týd... | C | 1 | |
| 4. | Původně česká franšízová kavár... | Trdlokafe | 1 | |
| 5. | Po pouhých dvou kolech nové li... | František Straka | 1 | |
| 6. | Jak se označuje tento druh těs... | tarhoňa | 1 | |
| 7. | V souvislosti s rýží a jejím v... | arsen | 1 | |
| 8. | Nyní se zaměříme naopak na lát... | pohanka | 1 | |
| 9. | Zobrazený tenký měkký chléb je... | lavaš | 0 | |
| 10. | Pod kterým jednoslovným názvem... | quinoa | 0 |